Detalles MARC
| 000 -CABECERA |
| campo de control de longitud fija |
01503nam a2200229 a 4500 |
| 001 - NÚMERO DE CONTROL |
| campo de control |
000029100 |
| 005 - FECHA Y HORA DE LA ÚLTIMA TRANSACCIÓN |
| campo de control |
20240307073948.0 |
| 008 - DATOS DE LONGITUD FIJA--INFORMACIÓN GENERAL |
| campo de control de longitud fija |
110413s1982 dr 000 0 spa d |
| 040 ## - FUENTE DE LA CATALOGACIÓN |
| Centro catalogador/agencia de origen |
DO-SdBNP |
| Lengua de catalogación |
spa |
| Centro/agencia transcriptor |
BNPHU |
| 082 ## - NÚMERO DE LA CLASIFICACIÓN DECIMAL DEWEY |
| Número de clasificación |
xxxx |
| Número de documento/Ítem |
xxxx |
| 110 1# - ENTRADA PRINCIPAL--NOMBRE DE ENTIDAD CORPORATIVA |
| Nombre de entidad corporativa o nombre de jurisdicción como elemento de entrada |
Universidad Autónoma de Santo Domingo |
| 9 (RLIN) |
72951 |
| 245 10 - MENCIÓN DE TÍTULO |
| Título |
Instructivos para el diseño y planificación de los planes de estudios y programas / |
| Mención de responsabilidad, etc. |
presentación ; Pablo Ma. Hernández. |
| 260 ## - PUBLICACIÓN, DISTRIBUCIÓN, ETC. |
| Lugar de publicación, distribución, etc. |
Santo Domingo : |
| Nombre del editor, distribuidor, etc. |
Publicaciones de la Universidad Autónoma de Santo Domingo, |
| Fecha de publicación, distribución, etc. |
1982. |
| 300 ## - DESCRIPCIÓN FÍSICA |
| Extensión |
44 p. ; |
| Dimensiones |
21 cm. |
| 490 1# - MENCIÓN DE SERIE |
| Mención de serie |
OPLAU |
| Designación de volumen o secuencia |
1 |
| 490 1# - MENCIÓN DE SERIE |
| Mención de serie |
Planes de estudios |
| 504 ## - NOTA DE BIBLIOGRAFÍA, ETC. |
| Nota de bibliografía, etc. |
Bibliografía : P. 43-44 |
| 505 0# - NOTA DE CONTENIDO CON FORMATO |
| Nota de contenido con formato |
DISEÑO Y PLANIFICACIÓN DE LOS PLANES DE ESTUDIOS -- |
| Título |
Estratificación del plan de estudio -- |
| -- |
El plan de estudios -- |
| -- |
Estructura del plan de estudio (elementos) -- |
| -- |
Un concepto de objetivos -- |
| -- |
Como planificar los objetivos para las carreras universitarias -- |
| -- |
Los objetivos de la carrera -- |
| -- |
Objetivos de las carreras con ciclos -- |
| -- |
Campo de ejercicio -- |
| -- |
Aptitudes vocacionales -- |
| -- |
Agrupación de las asignaturas -- |
| -- |
Esquemas semestrales -- |
| -- |
Otras recomendaciones adicionales -- |
| -- |
DISEÑO Y PLANIFICACIÓN DE LOS PROGRAMAS DE LAS ASIGNATURAS -- |
| -- |
Programas -- |
| -- |
Su estructura -- |
| -- |
La selección de los contenidos del curriculo -- |
| -- |
DISEÑO DE UN MODELO DE PROGRAMA Y TÉCNICA DE ELABORACIÓN DE TESIS. |
| 700 12 - PUNTO DE ACCESO ADICIONAL--NOMBRE DE PERSONA |
| Nombre de persona |
Hernández, Pablo Ma., |
| Término indicativo de función/relación |
pres. |
| 9 (RLIN) |
56001 |
| 830 #0 - PUNTO DE ACCESO ADICIONAL DE SERIE-TÍTULO UNIFORME |
| Título uniforme |
OPLAU |
| Designación de volumen o secuencia |
1 |
| 9 (RLIN) |
56002 |
| 830 #0 - PUNTO DE ACCESO ADICIONAL DE SERIE-TÍTULO UNIFORME |
| Título uniforme |
Planes de estudios |
| 9 (RLIN) |
56003 |